Historia de la educación y de las doctrinas pedagógicas (Record no. 58552)

MARC details
000 -LEADER
campo de control de longitud fija 00861nam a2200229 i 4500
001 - NÚMERO DE CONTROL
campo de control 58552
003 - IDENTIFICADOR DE NÚMERO DE CONTROL
campo de control ES-MaACL
005 - FECHA Y HORA DE LA ÚLTIMA TRANSACCIÓN
campo de control 20250830063051.0
007 - CAMPO FIJO DE DESCRIPCIÓN FÍSICA--INFORMACIÓN GENERAL
campo de control de longitud fija t|
008 - DATOS DE LONGITUD FIJA--INFORMACIÓN GENERAL
campo de control de longitud fija 031022s1982 sp ||||1| spa d
100 1# - ENTRADA PRINCIPAL--NOMBRE DE PERSONA
Nombre de persona Durkheim, Émile,
Fechas asociadas al nombre 1858-1917
9 (RLIN) 46302
245 10 - MENCIÓN DEL TÍTULO
Título Historia de la educación y de las doctrinas pedagógicas
Resto del título : la evolución pedagógica en Francia /
Mención de responsabilidad, etc. Emile Durkheim ; presentación de Félix Ortega ; traducción, María Luisa Delgado y Félix Ortega.
260 ## - PUBLICACIÓN, DISTRIBUCIÓN, ETC.
Lugar de publicación, distribución, etc. [Madrid] :
Nombre del editor, distribuidor, etc. La Piqueta,
Fecha de publicación, distribución, etc. [1982]
300 ## - DESCRIPCIÓN FÍSICA
Extensión 430 p. ;
Dimensiones 20 cm.
490 1# - MENCIÓN DE SERIE
Mención de serie Genealogía del poder ;
Designación de volumen o secuencia 8
650 #7 - PUNTO DE ACCESO ADICIONAL DE MATERIA--TÉRMINO DE MATERIA
Término de materia o nombre geográfico como elemento de entrada Pedagogía-
Subdivisión geográfica Francia
Fuente del encabezamiento o término
9 (RLIN) 169861
700 1# - ENTRADA AGREGADA--NOMBRE PERSONAL
Nombre de persona Ortega, Félix.
9 (RLIN) 87406
700 1# - ENTRADA AGREGADA--NOMBRE PERSONAL
Nombre de persona Delgado, María Luisa.
9 (RLIN) 43424
830 0# - PUNTO DE ACCESO ADICIONAL DE SERIE-TÍTULO UNIFORME
Título uniforme Genealogía del poder ;
Designación de volumen o secuencia 8
9 (RLIN) 179409
852 ## - LOCALIZACIÓN
Ubicación ES-MaACL
Número de control de estantería L-7161
Sublocalización o colección R.107734
Holdings
Estatus retirado Estado de pérdida Estado de daño No para préstamo Biblioteca de origen Biblioteca actual Ubicación en estantería Fecha de adquisición Fuente de adquisición Total de préstamos Signatura topográfica completa Código de barras Visto por última vez Precio de reemplazo Tipo de ítem Koha
        Biblioteca del Ateneo de Madrid Biblioteca del Ateneo de Madrid Depósito 2 17/01/2008     L-7161 1061433 23/02/2023 23/02/2023 Libro impreso